Library Banner

Business process outsourcing (Record no. 45165)

MARC details
000 -LEADER
fixed length control field 00577nam a2200193Ia 4500
001 - CONTROL NUMBER
control field 47237
008 - FIXED-LENGTH DATA ELEMENTS--GENERAL INFORMATION
fixed length control field 140429s9999 xx 000 0 und d
020 ## - INTERNATIONAL STANDARD BOOK NUMBER
International Standard Book Number 9788131408148
040 ## - CATALOGING SOURCE
Transcribing agency PK-LaUMT
082 ## - DEWEY DECIMAL CLASSIFICATION NUMBER
Classification number 658.40580954
Item number BUS-
100 ## - MAIN ENTRY--PERSONAL NAME
Personal name Rajmanohar, T. P.
245 ## - TITLE STATEMENT
Title Business process outsourcing
Remainder of title growth and country experiences
Statement of responsibility, etc Rajmanohar, T. P.<>Sivarajadhanavel, P.
260 ## - PUBLICATION, DISTRIBUTION, ETC. (IMPRINT)
Place of publication, distribution, etc Hyderabad,India:
Name of publisher, distributor, etc The Icfai University,
Date of publication, distribution, etc 2010
300 ## - PHYSICAL DESCRIPTION
Extent 227 p.
546 ## - LANGUAGE NOTE
Language note EN
650 ## - SUBJECT ADDED ENTRY--TOPICAL TERM
Topical term or geographic name as entry element Computer service industry-India
700 ## - ADDED ENTRY--PERSONAL NAME
Personal name Sivarajadhanavel, P.
942 ## - ADDED ENTRY ELEMENTS (KOHA)
Koha item type Books
Holdings
Withdrawn status Lost status Damaged status Not for loan Home library Current library Date acquired Total Checkouts Full call number Barcode Date last seen Price effective from Koha item type
        UMT Main Campus UMT Main Campus 2014-04-29   658.40580954 BUS- 56357 2014-05-06 2014-05-06 Books